00473nam a2200181 a 4500001001300000003000900013005001700022008004100039020001000080082002100090100001800111245005600129260002300185300000800208500003500216650002200251700001800273nice12345678IN_TiNIC20260116014237.0070312s2000 dela grd 000 0 eng  ac10000a324.245408bPAN2 aPanikkar, K N aCultural Roots of Communalism, Facts and Myths (CD) aDelhibAnhadc2000 a00p aincludes index and biblioraphy aCommunalism-India1 aPanikkar, K N